| 000 | 00707cam a2200229 i 4500 | ||
|---|---|---|---|
| 999 |
_c14158 _d14158 |
||
| 003 | OSt | ||
| 005 | 20260326194337.0 | ||
| 008 | 170609s2018 enk b 001 0 eng | ||
| 020 |
_a9781138650176 _qhbk : alk. paper |
||
| 040 |
_aDLC _beng _erda _cDLC _dDLC |
||
| 042 | _apcc | ||
| 050 | 0 | 0 |
_aNK1520 _b.R683 2018 |
| 082 | 0 | 0 |
_a745.4 _223 |
| 245 | 0 | 0 |
_aRoutledge handbook of sustainable design / _cedited by Rachel Beth Egenhoefer. |
| 246 | 3 | 0 | _aHandbook of sustainable design |
| 300 |
_axvi, 530 pages ; _c26 cm |
||
| 490 | 0 | _aRoutledge handbooks | |
| 504 | _aIncludes bibliographical references and index. | ||
| 650 | 0 | _aSustainable design | |
| 700 | 1 |
_aEgenhoefer, Rachel Beth, _eeditor. |
|
| 942 | _2ddc | ||